<?xml version="1.0" encoding="UTF-8"?>
<record
    xmlns:xsi="http://www.w3.org/2001/XMLSchema-instance"
    xsi:schemaLocation="http://www.loc.gov/MARC21/slim http://www.loc.gov/standards/marcxml/schema/MARC21slim.xsd"
    xmlns="http://www.loc.gov/MARC21/slim">

  <leader>01134nam a2200325 a 4500</leader>
  <controlfield tag="005">20240806110107.0</controlfield>
  <controlfield tag="008">100827s2021||||sp o   f |||| 001 0 spa d</controlfield>
  <datafield tag="020" ind1=" " ind2=" ">
    <subfield code="a">9788413820330</subfield>
  </datafield>
  <datafield tag="041" ind1=" " ind2=" ">
    <subfield code="a">spa</subfield>
  </datafield>
  <datafield tag="092" ind1=" " ind2=" ">
    <subfield code="c">611.022</subfield>
    <subfield code="l">75</subfield>
    <subfield code="s">ROH</subfield>
  </datafield>
  <datafield tag="100" ind1="1" ind2=" ">
    <subfield code="a">Rohen, Johannes W.</subfield>
    <subfield code="9">1313</subfield>
  </datafield>
  <datafield tag="245" ind1=" " ind2=" ">
    <subfield code="a">Atlas de anatom&#xED;a humana.</subfield>
    <subfield code="b">Estudio fotogr&#xE1;fico del cuerpo humano /</subfield>
    <subfield code="c">Johannes W. Rohen</subfield>
  </datafield>
  <datafield tag="250" ind1=" " ind2=" ">
    <subfield code="a">9a ed.</subfield>
    <subfield code="b">Rev. cient&#xED;fica Dr. Victor G&#xF6;tzens Garc&#xED;a</subfield>
  </datafield>
  <datafield tag="260" ind1=" " ind2=" ">
    <subfield code="a">Barcelona: </subfield>
    <subfield code="b">Elsevier;</subfield>
    <subfield code="c">2021.</subfield>
  </datafield>
  <datafield tag="300" ind1=" " ind2=" ">
    <subfield code="a">597 p.</subfield>
  </datafield>
  <datafield tag="500" ind1=" " ind2=" ">
    <subfield code="a">Rohen, J. W., Yokochi, C., y L&#xFC;tjen-Drecoll, E. (2021). Atlas fotogr&#xE1;fico de anatom&#xED;a del cuerpo humano. (9a ed.). Barcelona : Elsevier.</subfield>
  </datafield>
  <datafield tag="590" ind1=" " ind2=" ">
    <subfield code="a">Compra Facimed, Diciembre 2021.</subfield>
  </datafield>
  <datafield tag="653" ind1=" " ind2=" ">
    <subfield code="a">Anatom&#xED;a general</subfield>
  </datafield>
  <datafield tag="653" ind1=" " ind2=" ">
    <subfield code="a">Tronco</subfield>
  </datafield>
  <datafield tag="653" ind1=" " ind2=" ">
    <subfield code="a">Miembro superior</subfield>
  </datafield>
  <datafield tag="653" ind1=" " ind2=" ">
    <subfield code="a">Miembro inferior</subfield>
  </datafield>
  <datafield tag="653" ind1=" " ind2=" ">
    <subfield code="a">Organos tor&#xE1;cicos</subfield>
  </datafield>
  <datafield tag="653" ind1=" " ind2=" ">
    <subfield code="a">Organos abdominales</subfield>
  </datafield>
  <datafield tag="653" ind1=" " ind2=" ">
    <subfield code="a">Organos retroperitoneales</subfield>
  </datafield>
  <datafield tag="653" ind1=" " ind2=" ">
    <subfield code="a">Cabeza y cuello</subfield>
  </datafield>
  <datafield tag="653" ind1=" " ind2=" ">
    <subfield code="a">Enc&#xE9;falo y &#xF3;rganos de los sentidos</subfield>
  </datafield>
  <datafield tag="700" ind1="1" ind2=" ">
    <subfield code="a">Yokochi, Chihiro</subfield>
    <subfield code="9">4141</subfield>
  </datafield>
  <datafield tag="700" ind1="1" ind2=" ">
    <subfield code="a">L&#xFC;tjen-Drecoll, Elke.</subfield>
    <subfield code="9">1773</subfield>
  </datafield>
  <datafield tag="942" ind1=" " ind2=" ">
    <subfield code="2">ddc</subfield>
    <subfield code="c">BK</subfield>
  </datafield>
  <datafield tag="999" ind1=" " ind2=" ">
    <subfield code="c">3122</subfield>
    <subfield code="d">3122</subfield>
  </datafield>
  <datafield tag="952" ind1=" " ind2=" ">
    <subfield code="0">0</subfield>
    <subfield code="1">0</subfield>
    <subfield code="2">ddc</subfield>
    <subfield code="4">0</subfield>
    <subfield code="7">0</subfield>
    <subfield code="a">BFM</subfield>
    <subfield code="b">BFM</subfield>
    <subfield code="c">CR</subfield>
    <subfield code="d">2022-02-18</subfield>
    <subfield code="e">Compra Facimed, Diciembre 2021</subfield>
    <subfield code="g">12589.50</subfield>
    <subfield code="l">45</subfield>
    <subfield code="m">6</subfield>
    <subfield code="o">611.022 75 ROH</subfield>
    <subfield code="p">4708</subfield>
    <subfield code="r">2026-06-02</subfield>
    <subfield code="s">2026-05-26</subfield>
    <subfield code="t">Ej. 8</subfield>
    <subfield code="w">2022-02-18</subfield>
    <subfield code="y">BK</subfield>
    <subfield code="z">Compra Facimed, Diciembre 2021</subfield>
    <subfield code="f"></subfield>
  </datafield>
  <datafield tag="952" ind1=" " ind2=" ">
    <subfield code="0">0</subfield>
    <subfield code="1">0</subfield>
    <subfield code="2">ddc</subfield>
    <subfield code="4">0</subfield>
    <subfield code="7">0</subfield>
    <subfield code="a">BFM</subfield>
    <subfield code="b">BFM</subfield>
    <subfield code="c">CR</subfield>
    <subfield code="d">2022-02-18</subfield>
    <subfield code="e">Compra Facimed, Diciembre 2021</subfield>
    <subfield code="g">12589.50</subfield>
    <subfield code="l">45</subfield>
    <subfield code="m">4</subfield>
    <subfield code="o">611.022 75 ROH</subfield>
    <subfield code="p">4709</subfield>
    <subfield code="r">2026-04-27</subfield>
    <subfield code="s">2026-04-13</subfield>
    <subfield code="t">Ej. 9</subfield>
    <subfield code="w">2022-02-18</subfield>
    <subfield code="y">BK</subfield>
    <subfield code="z">Compra Facimed, Diciembre 2021</subfield>
    <subfield code="f"></subfield>
  </datafield>
  <datafield tag="952" ind1=" " ind2=" ">
    <subfield code="0">0</subfield>
    <subfield code="1">0</subfield>
    <subfield code="2">ddc</subfield>
    <subfield code="4">0</subfield>
    <subfield code="7">0</subfield>
    <subfield code="a">BFM</subfield>
    <subfield code="b">BFM</subfield>
    <subfield code="c">CR</subfield>
    <subfield code="d">2022-02-18</subfield>
    <subfield code="e">Compra Facimed, Diciembre 2021</subfield>
    <subfield code="g">12589.50</subfield>
    <subfield code="l">51</subfield>
    <subfield code="m">12</subfield>
    <subfield code="o">611.022 75 ROH</subfield>
    <subfield code="p">4710</subfield>
    <subfield code="r">2025-11-13</subfield>
    <subfield code="s">2025-10-30</subfield>
    <subfield code="t">Ej. 10</subfield>
    <subfield code="w">2022-02-18</subfield>
    <subfield code="y">BK</subfield>
    <subfield code="z">Compra Facimed, Diciembre 2021</subfield>
    <subfield code="f"></subfield>
  </datafield>
  <datafield tag="952" ind1=" " ind2=" ">
    <subfield code="0">0</subfield>
    <subfield code="1">0</subfield>
    <subfield code="2">ddc</subfield>
    <subfield code="4">0</subfield>
    <subfield code="7">0</subfield>
    <subfield code="a">BFM</subfield>
    <subfield code="b">BFM</subfield>
    <subfield code="c">CR</subfield>
    <subfield code="d">2022-02-18</subfield>
    <subfield code="e">Compra Facimed, Diciembre 2021</subfield>
    <subfield code="g">12589.50</subfield>
    <subfield code="l">43</subfield>
    <subfield code="m">7</subfield>
    <subfield code="o">611.022 75 ROH</subfield>
    <subfield code="p">4711</subfield>
    <subfield code="q">2026-06-09</subfield>
    <subfield code="r">2026-05-28</subfield>
    <subfield code="s">2026-05-28</subfield>
    <subfield code="t">Ej. 11</subfield>
    <subfield code="w">2022-02-18</subfield>
    <subfield code="y">BK</subfield>
    <subfield code="z">Compra Facimed, Diciembre 2021</subfield>
    <subfield code="f"></subfield>
  </datafield>
  <datafield tag="952" ind1=" " ind2=" ">
    <subfield code="0">0</subfield>
    <subfield code="1">0</subfield>
    <subfield code="2">ddc</subfield>
    <subfield code="4">0</subfield>
    <subfield code="7">0</subfield>
    <subfield code="a">BFM</subfield>
    <subfield code="b">BFM</subfield>
    <subfield code="c">CR</subfield>
    <subfield code="d">2022-02-18</subfield>
    <subfield code="e">Compra Facimed, Diciembre 2021</subfield>
    <subfield code="g">12589.50</subfield>
    <subfield code="l">41</subfield>
    <subfield code="m">5</subfield>
    <subfield code="o">611.022 75 ROH</subfield>
    <subfield code="p">4712</subfield>
    <subfield code="q">2026-06-12</subfield>
    <subfield code="r">2026-06-05</subfield>
    <subfield code="s">2026-06-05</subfield>
    <subfield code="t">Ej. 12</subfield>
    <subfield code="w">2022-02-18</subfield>
    <subfield code="y">BK</subfield>
    <subfield code="z">Compra Facimed, Diciembre 2021</subfield>
    <subfield code="f"></subfield>
  </datafield>
</record>
